000 00456nam a2200181Ia 4500
001 16178
005 20260306170250.0
008 260306t2011||||xx |||||||||||||| ||und||
041 _aESP
082 _a347.3
_bA47
100 _aAlva Matteucci, Mario
_eAUT
245 0 _aOpciones de financiamiento Factoring - Leasing - Leaseback
260 _c2011
300 _a62 páginas :
_c24 cm.
650 _aGEN
654 _aCDE
942 _cLIB
_dJUS
_fJUS
_2ddc
_n
999 _c16178
_d16178